| 000 | 01492nam0a22002771 4500 | ||
|---|---|---|---|
| 001 | rc\2319088 | ||
| 005 | 20110829143730.3 | ||
| 035 | _a(NLR Aleph) 006578128 | ||
| 090 |
_a7016757 _c7016757 |
||
| 100 | _a20110829d1977 |||y0rusy50 ca | ||
| 101 | 0 | _arus | |
| 102 | _aRU | ||
| 105 | _ay z ||||| | ||
| 200 | 1 |
_aКомплексный подход в воспитательной работе школы _eМетод. рекомендации для проведения опытно-эксперим. работы _fГл. упр. нар. образования Мосгорисполкома. Моск. гор. ин-т усовершенствования учителей. Акад. пед. наук СССР. Науч.-исслед. лаб. по обобщению опыта повышения эффективности учеб.-воспитат. процесса в школах Москвы |
|
| 210 |
_aМосква _cБ. и. _d1977 |
||
| 215 |
_a43 с. _d20 |
||
| 300 | _aНа обороте тит. л.: подгот. к. п. н. М.М. Поташник | ||
| 320 | _aБиблиогр.: с. 40-43 | ||
| 702 | 1 |
_aПоташник _bМ. М. _gМарк Максимович _4570 |
|
| 712 | 0 | 2 |
_aМосковский городской институт усовершенствования учителей _3RU\NLR\AUTH\889959306 |
| 801 | 0 |
_aRU _bNLR _gpsbo |
|
| 801 | 1 |
_aRU _bELAR _2rusmarc |
|
| 852 |
_aNLR _j77-4/30993 |
||
| 899 |
_aRuMoRGB _jM 77-12/2810 |
||
| 942 | _cBOOK | ||
| 980 | _aNB | ||